000 00556nam a22001937a 4500
003 BD-ChCU
005 20260506094549.0
008 260506b ny ||||| |||| 00| 0 engd
020 _a9783642539718
040 _cBD-ChCU
082 _223
_a660.5 S769
245 _aSpringer handbook of marine biotechnology /
_cEdited by Se-kwon Kim.
260 _aNew York :
_bSpringer,
_c2015
300 _a1512 P. :
504 _aIncludes.
650 0 _aMarine biotechnology ; Marine handbook.
_922455
700 _aKim, Se-kwon.
_eEditor
_922457
942 _2ddc
_cBK
_n0
999 _c112707
_d112707